| 000 | 00852nam a2200337Ia 4500 | ||
|---|---|---|---|
| 001 | Z_5590 | ||
| 003 | CHAP | ||
| 008 | 220113s2000 xx 000 0 und d | ||
| 010 | _a168684 | ||
| 020 | _a92-5-104511-9 | ||
| 040 | _cCHAP | ||
| 082 | _a636.08 F49 2000 | ||
| 110 |
_aFAO _939428 |
||
| 245 |
_aWorld watch list : for domestic animal diversity / _cFAO |
||
| 250 | _a3 ed. | ||
| 260 |
_aRome : _bFAO, _c2000 |
||
| 300 |
_a726 p. : _bilus. |
||
| 503 | _adonación | ||
| 650 |
_aAnimales domésticos _xHistoria y origen _95905 |
||
| 650 |
_aAves de corral _xRazas _98679 |
||
| 650 |
_aAves _xRazas _98623 |
||
| 650 |
_aBiodiversidad _912724 |
||
| 650 |
_aGanado _xRazas _944950 |
||
| 650 |
_aVida silvestre _9119155 |
||
| 901 | _a636.08 F49 2000 | ||
| 902 | _aA | ||
| 910 | _a2000 | ||
| 942 | _c1 | ||
| 942 | _cc1 | ||
| 999 |
_c168684 _d168684 |
||